Vrai ou Faux - Mort subite - Statistiques

Statistiques générales
  • Ce quiz a été pris 132 164 fois
  • Le résultat moyen est 5 sur 13
Answers on the Grid
Answers color-coded by a green-red scale on the quiz's grid according to % correct below.
Le baseball est le sport le plus populaire parmi les spectateurs au Japon.
Les humains furent en partie responsables de l'extinction des dinosaures.
Une paire de dés a plus de chances de donner 7 que n'importe quel autre nombre.
Certaines parties de l'Autobahn n'ont pas de limite de vitesse définie.
Deux est un nombre premier.
Il existe des arbres plus grands que la Tour Eiffel.
L'Italie n'a jamais remporté une Coupe du monde de la FIFA.
La Chine n'a qu'un fuseau horaire.
La planète Neptune a des anneaux.
La Sardaigne fait partie de l'Italie.
La Seconde Guerre mondiale a causé plus de pertes humaines que la Première.
Le Brésil se situe entièrement au Sud de l'équateur.
Le caramel est créé en faisant chauffer du sucre.
Le chou frisé et le brocoli sont de la même famille.
Le drapeau de la Turquie est rouge et blanc.
Le même côté de la Lune fait toujours face à la Terre.
Le mont Everest est un volcan.
Les ours polaires vivent à la fois en Arctique et en Antarctique.
Les perroquets peuvent vivre plus longtemps que les chiens.
Mercure est la planète la plus chaude du système solaire.
 
Statistiques - réponses
Réponse % Correct
Le baseball est le sport le plus populaire parmi les spectateurs au Japon.
69%
Certaines parties de l'Autobahn n'ont pas de limite de vitesse définie.
57%
Deux est un nombre premier.
56%
Une paire de dés a plus de chances de donner 7 que n'importe quel autre nombre.
46%
Le caramel est créé en faisant chauffer du sucre.
46%
Le drapeau de la Turquie est rouge et blanc.
45%
La Sardaigne fait partie de l'Italie.
40%
La Seconde Guerre mondiale a causé plus de pertes humaines que la Première.
40%
Les perroquets peuvent vivre plus longtemps que les chiens.
27%
La Chine n'a qu'un fuseau horaire.
24%
Le même côté de la Lune fait toujours face à la Terre.
23%
La planète Neptune a des anneaux.
22%
Le chou frisé et le brocoli sont de la même famille.
15%
Aucun quiz correspondant
Distribution des résultats
% des personnes avec chaque résultat
Percentile par nombre de réponses
Votre historique - résultats
Vous n’avez pas pris ce quiz